| 000 | 00823cam a2200229 4500 | ||
|---|---|---|---|
| 001 | ABS65462 | ||
| 008 | 020521n2002 000 0 eng u | ||
| 035 | _a(Sirsi) u118058 | ||
| 100 | _aCowan, A | ||
| 245 | _aPartnering and measured term contracts | ||
| 260 | _c2002 | ||
| 490 |
_aCSM _bChartered Surveyor Monthly _vMay 2002, 20-21(2) |
||
| 520 | _aLooks at the use of measured term contracts (MCTs) as the basis of long-term partnering agreements. Lists advantages and disadvantages of MCTs and examines the schedule of rates as the key component in MCTs. | ||
| 590 | _aABS | ||
| 650 | _aMEASURED TERM CONTRACTS | ||
| 650 | _aMCTS | ||
| 650 | _aPARTNERING | ||
| 650 | _aCONSTRUCTION PROCUREMENT | ||
| 650 | _aSCHEDULE OF RATES | ||
| 690 | _aBUILDING AND CONSTRUCTION-CONTRACTS-OTHER CONTRACTS | ||
| 942 | _n0 | ||
| 999 |
_c70299 _d70299 |
||